AEI 2013 : building solutions for architectural engineering : proceedings of the 2013 Architectural Engineering National Conference, April 3-5, 2013, State College, Pennsylvania /

"AEI 2013: Building Solutions for Architectural Engineering contains 99 papers covering a broad range of new and relevant issues in architectural engineering. Topics include: energy efficiency and sustainability; daylighting and building illumination systems; innovative building materials and h...

Full description

Bibliographic Details
Corporate Authors: Architectural Engineering National Conference State College, Pa., Architectural Engineering Institute (sponsoring body.)
Other Authors: Anumba, C. J. (Chimay J.) (Editor), Memari, Ali M. (Editor)
Format: Conference Proceeding eBook
Language:English
Published: Reston, Virginia : American Society of Civil Engineers, [2013]
Subjects:
Online Access:Connect to the full text of this electronic book

MARC

Tag First Indicator Second Indicator Subfields
LEADER 00000cam a2200000Mi 4500
001 in00003381237
005 20210304154411.0
006 m o d
007 cr unu---|||||
008 110513t20132013vaua ob 100 0 eng d
020 |z 9780784412909 
035 |a (OCoLC)855593547 
035 |a (OCoLC)ocn855593547 
035 |a 4689506 
040 |a NjP  |b eng  |e rda  |c PUL  |d TXA  |d UtOrBLW 
049 |a TXAM 
050 4 |a TH5  |b .A74 2013eb 
111 2 |a Architectural Engineering National Conference  |d (2013 :  |c State College, Pa.) 
245 1 0 |a AEI 2013 :  |b building solutions for architectural engineering : proceedings of the 2013 Architectural Engineering National Conference, April 3-5, 2013, State College, Pennsylvania /  |c sponsored by the Architectural Engineering Institute (AEI) of the American Society of Civil Engineers ; edited by Chimay J. Anumba, Ali M. Memari. 
264 1 |a Reston, Virginia :  |b American Society of Civil Engineers,  |c [2013] 
264 4 |a ©2013 
300 |a 1 online resource (1029 pages) :  |b illustrations (some color) 
336 |a text  |b txt  |2 rdacontent 
337 |a computer  |b c  |2 rdamedia 
338 |a online resource  |b cr  |2 rdacarrier 
500 |a Electronic resource. 
504 |a Includes bibliographical references. 
520 |a "AEI 2013: Building Solutions for Architectural Engineering contains 99 papers covering a broad range of new and relevant issues in architectural engineering. Topics include: energy efficiency and sustainability; daylighting and building illumination systems; innovative building materials and high performance building systems; building failures, forensics, and retrofit; architectural engineering education trends; and BIM and IT systems for building design and construction." 
588 |a Description based on online resource; title from PDF title page (ASCE Library, viewed on July 17, 2013). 
650 0 |a Architecture  |v Congresses. 
650 0 |a Building  |v Congresses. 
650 0 |a Buildings  |x Repair and reconstruction  |v Congresses. 
650 0 |a Structural engineering  |v Congresses. 
655 7 |a Electronic books.  |2 local 
700 1 |a Anumba, C. J.  |q (Chimay J.),  |e editor. 
700 1 |a Memari, Ali M.,  |e editor. 
710 2 |a Architectural Engineering Institute,  |e sponsoring body. 
730 0 |a ASCE Library. 
856 4 0 |u http://proxy.library.tamu.edu/login?url=https://dx.doi.org/10.1061/9780784412909  |z Connect to the full text of this electronic book  |t 0 
948 |a cataloged  |b h  |c 2013/9/9  |d c  |e jlanham  |f 3:47:05 pm 
994 |a C0  |b TXA 
999 |a MARS 
999 f f |s ed5d4f6c-a877-32ff-9304-4a76f7dfd838  |i e2af4d49-182e-341c-a7de-cb38dc7cb844  |t 0 
952 f f |a Texas A&M University  |b College Station  |c Electronic Resources  |d Available Online  |t 0  |e TH5 .A74 2013eb  |h Library of Congress classification 
998 f f |a TH5 .A74 2013eb  |t 0  |l Available Online